Intellectual property and biodiversity : (Registro nro. 7687)

Detalles MARC
000 -CABECERA
Campo de control 00960nam a22002417a 4500
005 - FECHA Y HORA DE LA ULTIMA TRANSACCION
Campo de control 20131028163721.0
008 - ELEMENTOS DE LONGITUD FIJA—INFORMACION GENERAL
Campo de control 030710s1999 ck r 00010 eng d
020 ## - ISBN
ISBN 9589652980
041 0# - IDIOMA
Código de idioma para texto/pista de sonido o título separado Inglés
044 ## - PAÍS DE PUBLICACIÓN
País de publicación Colombia
082 04 - NUMERO DE CLASIFICACION DECIMAL DEWEY
Número de clasificación 346.0482
Número del ítem H55i
100 1# - ASIENTO PRINCIPAL--NOMBRE PERSONAL
Nombre personal Hernández, Ana María.
245 10 - MENCION DE TITULO
Título Intellectual property and biodiversity :
Parte restante del título intellectual property in the World Trade Organization and its relationship with the Convention on Biological Diversity /
Mención de responsabilidad Ana María Hernández.
250 ## - MENCION DE EDICION
Mención de edición Edition Jorge Escobar Guzmán.
260 ## - PUBLICACION, DISTRIBUCION, ETC. (PIE DE IMPRENTA)
Lugar de publicación, distribución, etc. Santafé de Bogotá
Nombre del editor, distribuidor, etc. Instituto de Investigaciones de Recursos Biológicos Alexander von Humboldt
Fecha de publicación, distribución, etc. 1999.
300 ## - DESCRIPCION FISICA
Extensión xiv, 58 p. ;
Dimensiones 21 cm.
504 ## - NOTA DE BIBLIOGRAFIA, ETC.
Nota de bibliografía Incluye bibliografía.
650 ## - ASIENTO SECUNDARIO DE MATERIA - TERMINO TEMATICO
Término temático o nombre geográfico como elemento de entrada Derechos de autor.
650 ## - ASIENTO SECUNDARIO DE MATERIA - TERMINO TEMATICO
Término temático o nombre geográfico como elemento de entrada Propiedad industrial.
650 #6 - ASIENTO SECUNDARIO DE MATERIA - TERMINO TEMATICO
Término temático o nombre geográfico como elemento de entrada Diversidad biológica
Subdivisión general Aspectos jurídicos.
700 1# - ASIENTO SECUNDARIO - NOMBRE PERSONAL
Nombre personal Escobar Guzmán, Jorge,
Término de relación ed.
942 ## - ELEMENTOS ADICIONALES (KOHA)
Sistema de clasificación Dewey Decimal Classification
Tipo de ítem Impreso
Existencias
Withdrawn status Lost status Sistema de Clasificación Damaged status No para préstamo Colección Inventariado Ubicación Permanente Ubicación actual Fecha de adquisición Valor Total Checkouts Número topográfico Inventario / Código de Barras Date last seen Ejemplar Price effective from Forma de adquisición Tipo de material
    Dewey Decimal Classification     Humboldt Inventariado 2017 Bogotá Bogotá 28/10/2013 39000.00   IAVH-346.0482 H55i 059164 28/10/2013 Ej. 1 28/10/2013 Institucional Libro
    Dewey Decimal Classification     Humboldt Inventariado 2017 Sala Fabio Quevedo Sala Fabio Quevedo 11/09/2014 39000.00   IAVH-346.0482 H55i 038346 11/09/2014 Ej. 2 11/09/2014 Institucional Libro
    Dewey Decimal Classification     Humboldt Inventariado 2017 Sala Fabio Quevedo Sala Fabio Quevedo 19/09/2014 39000.00   IAVH-346.0482 H55i 004059 19/09/2014 Ej. 1 19/09/2014 Institucional Libro